| 000 | 00904nam a2200241 i 4500 | ||
|---|---|---|---|
| 001 | bg | ||
| 245 | 0 | 0 |
_aBilans zasobów kopalin i wód podziemnych w Polsce : _b[praca zbiorowa / _cpod red. Stanisława Przeniosło, oprac. J. Dyląg et al.] ; Ministerstwo Środowiska. |
| 250 | _awg stanu na 31.12.1999 r. | ||
| 260 |
_aWarszawa : _bPaństwowy Instytut Geologiczny, _c2000. |
||
| 300 |
_a390 s. : _brys., wykr. ; _c23 cm. |
||
| 490 | 1 | _x1425-2910 | |
| 650 | 9 |
_aSurowce _xstatystyka _zPolska _ystan na 2000 r. |
|
| 650 | 9 |
_aWody podziemne _xstatystyka _zPolska _ystan na 2000 r. |
|
| 700 | 1 |
_aPRZENIOSŁO, Stanisława. _eRed. |
|
| 700 | 1 |
_aDYLĄG, A. _eOprac. |
|
| 830 | _x1425-2910 | ||
| 040 | _cBPK | ||
| 041 | 0 | _apl | |
| 080 | _a553+556.3](438)(083.41) | ||
| 942 | _cKS | ||
| 008 | s pl f |000 0 pol | ||
| 999 |
_c39117 _d39117 |
||
| 856 |
_uhttp://koha.tu.koszalin.pl/cgi-bin/koha/opac-detail.pl?biblionumber=39117 _yKatalog online BPK |
||